Geographic Analogies - Statistics

General Stats
  • This quiz has been taken 34 times
  • The average score is 16 of 20
Answer Stats
Hint 1 Hint 2 Answer % Correct
13) Tasmania is to Australia Greenland is to Denmark
97%
5) Caesar is to Rome Cleopatra is to Egypt
94%
3) Fuji is to Japan Vesuvius is to Italy
94%
7) Aztec is to Mexico Inca is to Peru
94%
15) San Marino is to Italy Lesotho is to South Africa
90%
11) Muhammad is to Islam Jesus is to Christianity
87%
6) Jerusalem is to Judaism Mecca is to Islam
87%
1) Burj Khalifa is to Dubai The Shard is to London
87%
8) Jamaica is to Caribbean Cyprus is to Mediterranean
84%
16) Mt Elbrus is to Caucusus Mt Blanc is to Alps
81%
17) Baikal is to Russia Superior is to United States
81%
18) Mandarin is to China Tagalog is to Philippines
74%
19) Constantinople is to Istanbul Carthage is to Tunis
74%
12) Deutschland is to Germany Hrvatska is to Croatia
71%
20) Everest is to the Himalayas Aconcagua is to Andes
68%
4) Mt St Helens is to US Krakatoa is to Indonesia
68%
10) Lasagna is to Italy Borscht is to Ukraine
61%
2) Big Apple is to New York Beantown is to Boston
55%
9) Lek is to Albania Forint is to Hungary
55%
14) City of Angels is to LA Big Easy is to New Orleans
55%
No matching quizzes found
Score Distribution
Percent of People with Each Score
Percentile by Number Answered
Your Score History
You have not taken this quiz